General knowledge 4 - Statistics

General Stats
  • This quiz has been taken 12 times
  • The average score is 3 of 7
Answer Stats
Question Answer % Correct
What song featured both Queen and David Bowie? Under Pressure
80%
What category is the number 1 in? Prime number
50%
Judy Moran is a part of a family that had how many members? 4
40%
Who is the actor of Gandoff in the trilogy movies? Ian McKellen
40%
How many moons does Uranus have? 28
30%
What band is the 5th worst band of the 90s according to rolling stone magazine 2016? Nirvana
20%
What is the Electron configuration for Organeson? [Rn] 5f14 6d10 7s27p6
0%
No matching quizzes found
Score Distribution
Percent of People with Each Score
Percentile by Number Answered
Your Score History
You have not taken this quiz